000 00837nam a22002537a 4500
003 OSt
005 20220602054331.0
008 170328b xxu||||| |||| 00| 0 eng d
020 _a0688124607 :
040 _aMMU
_cMMU
_dMMU
_beng
050 0 0 _aTT186 .P66 1994
245 0 0 _aPopular mechanics encyclopedia of tools & techniques /
_cedited by Steven Willson ; foreword by Joe Oldham.
260 _aNew York :
_bHearst Books,
_cc1994.
300 _a352 p. :
_bill. ;
_c29 cm.
500 _aIncludes index.
650 0 _aWoodworking tools.
650 0 _aPower tools.
650 0 _aWorkshops
_xEquipment and supplies.
700 1 _aWillson, Steven.
730 0 _aPopular mechanics (Chicago, Ill. : 1959)
740 0 _aEncyclopedia of tools & techniques.
740 0 _aEncyclopedia of tools and techniques.
942 _2lcc
_cLOAN LOAN
999 _c26170
_d26170